Random Telugu Words #1 - Statistics

General Stats
  • This quiz has been taken 322 times
    321 since last reset
  • The average score is 11 of 24
Answer Stats
Telugu Word English Answer % Correct
Ammaఅమ్మ Mom
96%
Rojuరోజు Day
63%
Jutuజుట్టు Hair
61%
Pelliపెళ్ళి Marriage
60%
Uru(Palituru)ఊరు Town
60%
Bangaramబంగారం Gold
56%
Gudi/Mandiram గుడి Temple
55%
Chettuచెట్టు Tree
55%
Kuraకూర Curry
53%
Avuఆవు Cow
51%
Gaḍḍiగడ్డి Grass
45%
Yedhavaఎదవ Idiot
45%
Anglaఆంగ్ల English
44%
Ungaramఉంగరం Ring
44%
Ekkuఎక్కు Climb/Lot
39%
Rajakiyaluరాజకీయాలు Politics
39%
Vendiవెండి Silver
39%
Niccenaనిచ్చెన Ladder
38%
Chetthaచెత్త Trash
37%
Ayudhamఆయుధం Weapon
37%
Ahtmahachyaఆత్మహత్య Suicide
33%
Desamదేశం Nation
27%
Inapaఇనప Iron
26%
Mētaమేత Hay
10%
No matching quizzes found
Score Distribution
Percent of People with Each Score
Percentile by Number Answered
Your Score History
You have not taken this quiz since the last reset